|
|
|
|
| LEADER |
00000nam0a2200000 4500 |
| 001 |
137842 |
| 005 |
20231101220714.0 |
| 035 |
|
|
|a (RuTPU)RU\TPU\book\149376
|
| 090 |
|
|
|a 137842
|
| 100 |
|
|
|a 20080516d1988 m y0rusy5003 ca
|
| 101 |
0 |
|
|a rus
|
| 102 |
|
|
|a RU
|
| 105 |
|
|
|a a z 000ay
|
| 200 |
1 |
|
|a Было
|e Записки поэта. Новые страницы
|f Е. А. Долматовский
|g худож. Г. Алимов
|
| 210 |
|
|
|a Москва
|c Советский писатель
|d 1988
|
| 215 |
|
|
|a 432 с.
|d 22 см
|
| 610 |
1 |
|
|a советская литература
|
| 610 |
1 |
|
|a повести
|
| 610 |
1 |
|
|a рассказы
|
| 675 |
|
|
|a Р2
|z rus
|
| 700 |
|
1 |
|a Долматовский
|b Е. А.
|c русский поэт
|f 1915-1994
|g Евгений Аронович
|2 stltpush
|3 (RuTPU)RU\TPU\pers\8224
|9 1621
|
| 702 |
|
1 |
|a Алимов
|b Г.
|g Геннадий
|4 440
|
| 801 |
|
0 |
|a RU
|b RuMRKP
|c 19950704
|g psbo
|
| 801 |
|
1 |
|a RU
|b 63413507
|c 20080516
|g PSBO
|
| 801 |
|
2 |
|a RU
|b 63413507
|c 20080516
|g PSBO
|
| 942 |
|
|
|c BK
|